000 00539nam a2200217Ia 4500
003 OSt
005 20220928143403.0
006 a|||||r|||| 00| 0
007 ta
008 220927b |||||||| |||| 00| 0 eng d
024 _a21797
037 _cTextual
040 _aSDCL
_cSDCL
_beng
041 _2eng
_aeng
082 _aO15,1B2:g, N4
100 _aDixit Sarla
_9505181
245 0 _aMahabharata ka kavya sondariye.
260 _c1994
942 _hO15,1B2:g, N4
_cTEXL
_2CC
999 _c823819
_d823819